Rakouské zkušenosti se statistikou životního prostředí

V máji 1989 Rakúsky ústredný štatistický úrad vytvoril 8. oddelenie - Životné prostredie. Zameranie jeho činnosti na 5 okruhov: Sociálne aspekty pôsobenia životného prostredia. Ekobilancie. Štatistika odpadov. Regionálna štatistika. Energia.

Gespeichert in:
Bibliographische Detailangaben
1. Verfasser: Ritschelová, I.
Weitere Verfasser: Drápal, S.
Format: Buchkapitel
Sprache:Tschechisch
Schlagworte:
Tags: Tag hinzufügen
Keine Tags, Fügen Sie das erste Tag hinzu!

MARC

LEADER 00000naa a2200000 4500
001 r015540
005 20221205091043.9
041 0 |a cze 
044 |a CZ 
245 1 0 |a Rakouské zkušenosti se statistikou životního prostředí  |c I. Ritschelová, S. Drápal 
520 |a V máji 1989 Rakúsky ústredný štatistický úrad vytvoril 8. oddelenie - Životné prostredie. Zameranie jeho činnosti na 5 okruhov: Sociálne aspekty pôsobenia životného prostredia. Ekobilancie. Štatistika odpadov. Regionálna štatistika. Energia. 
610 2 0 |a štatistika 
610 2 0 |a prostredie životné 
610 2 0 |a Rakúsko 
100 1 |a Ritschelová, I. 
700 1 |a Drápal, S.